Boulot, bouleau ou les 2 ? (click quiz) - Statistiques

Statistiques générales
  • Ce quiz a été pris 66 fois
  • Le résultat moyen est 5 sur 8
Statistiques - réponses
Hint Réponse % Correct
Travail Boulot
91%
Emploi Boulot
91%
Arbre Bouleau
84%
Tâche Boulot
67%
Il suffit de traverser la rue pour en trouver un Les 2
64%
En surpoids Boulot
60%
On peut y être allergique Les 2
48%
Grassouillet Boulot
33%
Aucun quiz correspondant
Distribution des résultats
% des personnes avec chaque résultat
Percentile par nombre de réponses
Votre historique - résultats
Vous n’avez pas pris ce quiz